[Event "15k move celebration tourney"]
[Site "SchemingMind.com"]
[Date "2009.06.10"]
[Round "-"]
[White "Clive Everill"]
[Black "Teagy"]
[Result "0-1"]
[WhiteCountry "CZE"]
[BlackCountry "ENG"]
[WhiteElo "1639"]
[WhiteRD "52"]
[BlackElo "1858"]
[BlackRD "74"]
[GameID "207894"]

1. e4 e6 2. d4 d5 3. Nc3 Bb4 4. e5 c5 5. Bb5+ Bd7 6. Bxd7+ Nxd7 7. Ne2 Ne7 8. f4 Nf5 9. O-O cxd4 10. Nb1 Bc5
11. Kh1 Qb6 12. Nd2 Ne3 13. Qe1 Nxc2 14. Qg3 Nxa1 15. Qxg7 O-O-O 16. Qxf7 Nc2 17. Nb3 Rdf8 18. Qh5 Rf5 19. Qh3 Ne3 20. Bxe3 dxe3
21. g4 Rf7 22. Nxc5 Nxc5 23. Qxe3 Ne4 24. Rc1+ Kd7 25. Qa3 Nf2+ 26. Kg2 Nxg4 27. Qa4+ Kd8 28. Qd4 Rg8 29. Qxb6+ axb6 30. Kf3 Nxe5+
31. Ke3 Ng4+ 32. Kd4 Nxh2 33. Rc3 Rc7 34. Ra3 Kd7 35. Ng3 Rc4+
0-1

[Event "15k move celebration tourney"]
[Site "SchemingMind.com"]
[Date "2009.06.14"]
[Round "-"]
[White "Quaff"]
[Black "BigDaddy"]
[Result "1-0"]
[WhiteCountry "ENG"]
[BlackCountry "AUT"]
[WhiteElo "1546"]
[WhiteRD "85"]
[BlackElo "1252"]
[BlackRD "87"]
[GameID "208194"]

1. e4 e5 2. Nf3 Nc6 3. Bb5 Bc5 4. d3 a6 5. Bxc6 dxc6 6. h3 Nf6 7. Bg5 h6 8. Bh4 g5 9. Bg3 O-O 10. Nxe5 Re8
11. Nc4 b5 12. Ne3 Bxe3 13. fxe3 Be6 14. Nc3 Qd7 15. O-O c5 16. Rxf6 Kg7 17. Rf1 c4 18. d4 f6 19. d5 Bf7 20. Qf3 Qd6
21. Bxd6 cxd6 22. Qxf6+ Kh7 23. Qxf7+ Kh8 24. Rf6 Rg8 25. Rxh6#
1-0

[Event "15k move celebration tourney"]
[Site "SchemingMind.com"]
[Date "2009.06.11"]
[Round "-"]
[White "sthorwall"]
[Black "loco61"]
[Result "1-0"]
[WhiteCountry "USA"]
[BlackCountry "ENG"]
[WhiteElo "1904"]
[WhiteRD "63"]
[BlackElo "1575"]
[BlackRD "67"]
[GameID "208195"]

1. Nf3 Nc6 2. g3 e5 3. d4 e4 4. d5 exf3 5. dxc6 Qe7 6. Be3 dxc6 7. Nc3 fxe2 8. Qxe2 Be6 9. O-O-O Nf6 10. Bg2 g6
11. Bg5 Bg7 12. Ne4 h6 13. Nxf6+ Bxf6 14. Bxf6 Qxf6 15. Rhe1 O-O 16. f4 Bxa2 17. Rd7 Rac8 18. Bh3 Rfd8 19. Qe7 Rxd7 20. Qxf6
1-0

[Event "15k move celebration tourney"]
[Site "SchemingMind.com"]
[Date "2009.06.13"]
[Round "-"]
[White "BigDaddy"]
[Black "Quaff"]
[Result "1/2-1/2"]
[WhiteCountry "AUT"]
[BlackCountry "ENG"]
[WhiteElo "1252"]
[WhiteRD "87"]
[BlackElo "1546"]
[BlackRD "85"]
[GameID "208205"]

1. e4 e5 2. Nf3 Nc6 3. Bb5 a6 4. Bxc6 dxc6 5. O-O Bd6 6. Nc3 Bg4 7. h3 Bh5 8. g4 Bg6 9. d3 Nf6 10. a3 h5
11. Bg5 Qd7 12. Bxf6 gxf6 13. Nh4 O-O-O 14. Nf5 hxg4 15. Qxg4 Bxf5 16. Qxf5 Qxf5 17. exf5 Rxh3 18. Kg2 Rdh8 19. Rh1 Rxh1 20. Rxh1 Rxh1
21. Kxh1 b5 22. b4 Kd7 23. Ne4 Ke7 24. c3 Kf8 25. Nxf6 Ke7 26. Ng8+ Kf8 27. Nf6 Ke7 28. Ng8+=
1/2-1/2

[Event "15k move celebration tourney"]
[Site "SchemingMind.com"]
[Date "2009.06.11"]
[Round "-"]
[White "loco61"]
[Black "sthorwall"]
[Result "0-1"]
[WhiteCountry "ENG"]
[BlackCountry "USA"]
[WhiteElo "1598"]
[WhiteRD "69"]
[BlackElo "1957"]
[BlackRD "70"]
[GameID "208206"]

1. e4 e6 2. Nf3 d5 3. exd5 exd5 4. d4 Bg4 5. Be2 Bd6 6. h3 Bh5 7. g4 Bg6 8. Nc3 Ne7 9. Be3 O-O 10. Qd2 Nd7
11. O-O-O Re8 12. h4 h5 13. Rdg1 hxg4 14. Rxg4 Nf6 15. Rgg1 a6 16. Ne5 Ne4 17. Nxe4 Bxe4 18. f3 Bh7 19. Bh6 Nf5 20. h5 Nxh6
21. Qxh6 Bf8 22. Nxf7 Kxf7 23. Qxh7 Rxe2 24. h6 Qf6 25. Rg4 Rae8 26. Rd1 Re1 27. Rg1 Rxd1+ 28. Rxd1 Qxf3 29. hxg7 Bxg7 30. c3 Re2
31. Qd3 Bh6+ 32. Kb1 Qxd3+ 33. Rxd3 Ke6 34. a4 a5 35. Rh3 Bg5 36. Rh7 Kd6 37. Rg7 Bf6 38. Rg6 Ke6 39. Rh6 b6 40. Ka2 c5
41. Kb3 cxd4 42. cxd4 Kf5 43. Rh5+ Ke4 44. Rh3 Bxd4 45. Rh4+ Ke5 46. Rh5+ Kd6 47. Rh6+ Kc5 48. Rh7 Rxb2+
0-1

[Event "15k move celebration tourney"]
[Site "SchemingMind.com"]
[Date "2009.06.17"]
[Round "-"]
[White "Mekon"]
[Black "nevereverwin"]
[Result "1-0"]
[WhiteCountry "USA"]
[BlackCountry "ENG"]
[WhiteElo "1586"]
[WhiteRD "162"]
[BlackElo "1108"]
[BlackRD "100"]
[GameID "208962"]

1. e4 e5 2. Nf3 Nf6 3. Nxe5 d6 4. Nf3 d5 5. exd5 Bd6 6. Nc3 Bg4 7. Be2 O-O 8. O-O c6 9. dxc6 Nxc6 10. h3 Be6
11. d4 Qb6 12. d5 Bxd5 13. Nxd5 Nxd5 14. Qxd5 Qc5 15. Qxc5 Bxc5 16. Bf4 Nd4 17. Nxd4 Bxd4 18. c3 Bc5 19. Rad1
1-0

[Event "15k move celebration tourney"]
[Site "SchemingMind.com"]
[Date "2009.06.17"]
[Round "-"]
[White "Hussar"]
[Black "john1960uk"]
[Result "0-1"]
[WhiteCountry "POL"]
[BlackCountry "ENG"]
[WhiteElo "1593"]
[WhiteRD "75"]
[BlackElo "1867"]
[BlackRD "97"]
[GameID "208963"]

1. e4 e5 2. Nf3 Nc6 3. Bc4 Bc5 4. d3 Nf6 5. h3 d6 6. Nc3 Be6 7. Bxe6 fxe6 8. O-O O-O 9. Re1 Qe7 10. a3 Nd4
11. Nxd4 exd4 12. Ne2 Qf7 13. c3 dxc3 14. Nxc3 Ng4 15. Be3 Bxe3 16. fxe3 Qf2+ 17. Kh1 Nxe3 18. Qe2 Nxg2 19. Qxf2 Rxf2 20. Rf1 Raf8
21. d4 Rxf1+ 22. Rxf1 Rxf1+ 23. Kxg2 Rc1 24. d5 Rc2+ 25. Kg3 Rxb2 26. dxe6 Rb3 27. e7 Rxc3+ 28. Kf4 Kf7 29. e5 Kxe7 30. exd6+ Kxd6
31. h4 Rxa3 32. Kf5 g6+ 33. Kg5 Ke5 34. h5 gxh5 35. Kxh5 Rg3 36. Kh4 Kf4 37. Kh5 Rh3#
0-1

[Event "15k move celebration tourney"]
[Site "SchemingMind.com"]
[Date "2009.06.17"]
[Round "-"]
[White "nevereverwin"]
[Black "Mekon"]
[Result "0-1"]
[WhiteCountry "ENG"]
[BlackCountry "USA"]
[WhiteElo "1108"]
[WhiteRD "100"]
[BlackElo "1586"]
[BlackRD "162"]
[GameID "208965"]

1. d4 Nf6 2. Nc3 d5 3. Nf3 g6 4. Bf4 Bg7 5. e3 O-O 6. Bd3 c5 7. O-O c4 8. Be2 Nc6 9. Ne5 Nxe5 10. Bxe5 e6
11. Bf3 Bd7 12. e4 dxe4 13. Nxe4 Nxe4 14. Bxe4 Qb6 15. b3 cxb3
0-1

[Event "15k move celebration tourney"]
[Site "SchemingMind.com"]
[Date "2009.06.17"]
[Round "-"]
[White "john1960uk"]
[Black "Hussar"]
[Result "1-0"]
[WhiteCountry "ENG"]
[BlackCountry "POL"]
[WhiteElo "1867"]
[WhiteRD "97"]
[BlackElo "1593"]
[BlackRD "75"]
[GameID "208966"]

1. Nf3 Nc6 2. d4 d5 3. Bf4 Bf5 4. e3 e6 5. Bb5 Bd6 6. Ne5 Ne7 7. Nd2 a6 8. Ba4 O-O 9. O-O h6 10. Ndf3 Bxe5
11. Nxe5 Nxe5 12. Bxe5 Nc6 13. Bxc6 bxc6 14. Qe2 Qe7 15. Rfd1 Rab8 16. b3 c5 17. Qxa6 cxd4 18. exd4 Rbc8 19. Qc6 Rfe8 20. a4 Qb4
21. a5 Qb8 22. Qc5 f6 23. Bg3 Red8 24. Re1 Re8 25. Re3 g6 26. Rc3 h5 27. Bxc7 Qa8 28. a6 e5 29. dxe5 fxe5 30. a7 d4
31. Rc4 Qe4 32. Qa5 Ra8 33. Rc5 d3 34. cxd3 Qd4 35. Bxe5 Qd7 36. Rc7 Qxd3 37. Rg7+ Kf8 38. Qc5+ Re7 39. Qxe7#
1-0

[Event "15k move celebration tourney"]
[Site "SchemingMind.com"]
[Date "2009.06.22"]
[Round "-"]
[White "andu"]
[Black "jtrochez1"]
[Result "1-0"]
[WhiteCountry "AUT"]
[BlackCountry "HON"]
[WhiteElo "1835"]
[WhiteRD "49"]
[BlackElo "1520"]
[BlackRD "54"]
[GameID "209474"]

1. e4 e5 2. Nf3 d6 3. d4 Bg4 4. Be2 Bxf3 5. Bxf3 Nc6 6. c3 b5 7. d5 Nb8 8. O-O c5 9. Be2 a6 10. a4 Nd7
11. axb5 a5 12. Na3 Nb6 13. f4 Nf6 14. fxe5 dxe5 15. Qd3 Bd6 16. Bg5 Nbd7 17. Nc4 Qc7 18. Bxf6 Nxf6 19. b6 Qb8 20. b7 Ra7
21. Nxa5 Rxb7 22. Nxb7 Qxb7 23. Qb5+ Qxb5 24. Bxb5+ Nd7 25. Ra8+
1-0

[Event "15k move celebration tourney"]
[Site "SchemingMind.com"]
[Date "2009.06.23"]
[Round "-"]
[White "Midlander"]
[Black "maro"]
[Result "1-0"]
[WhiteCountry "ENG"]
[BlackCountry "MEX"]
[WhiteElo "1825"]
[WhiteRD "163"]
[BlackElo "1328"]
[BlackRD "52"]
[GameID "209475"]

1. c4 d5 2. cxd5 Qxd5 3. Nc3 Qh5 4. d4 e5 5. dxe5 Qxe5 6. Nf3 Qf6 7. Bg5 Qd6 8. e3 a6 9. Qb3 Be6 10. Qxb7 Bd5
11. Qc8+ Qd8 12. Qxd8#
1-0

[Event "15k move celebration tourney"]
[Site "SchemingMind.com"]
[Date "2009.06.22"]
[Round "-"]
[White "jtrochez1"]
[Black "andu"]
[Result "1/2-1/2"]
[WhiteCountry "HON"]
[BlackCountry "AUT"]
[WhiteElo "1520"]
[WhiteRD "54"]
[BlackElo "1835"]
[BlackRD "49"]
[GameID "209486"]

1. e4 e5 2. Nf3 Nc6 3. Bc4 Nf6 4. Ng5 d5 5. exd5 Na5 6. Qe2 Nxc4 7. Qxc4 Qxd5 8. Qxd5 Nxd5 9. O-O Bd7 10. d3 h6
11. Nf3 f6 12. Bd2 Bc6 13. Re1 O-O-O 14. Nc3 Bb4 15. Nxd5 Bxd2 16. Nxd2 Bxd5 17. f3 Rd6 18. b3 Re8 19. Rad1 g5=
1/2-1/2

[Event "15k move celebration tourney"]
[Site "SchemingMind.com"]
[Date "2009.06.23"]
[Round "-"]
[White "maro"]
[Black "Midlander"]
[Result "0-1"]
[WhiteCountry "MEX"]
[BlackCountry "ENG"]
[WhiteElo "1328"]
[WhiteRD "52"]
[BlackElo "1825"]
[BlackRD "163"]
[GameID "209487"]

1. d4 e6 2. e4 d5 3. e5 c5 4. Be3 Qb6 5. c3 Qxb2 6. Nd2 Qxc3 7. Bb5+ Bd7 8. a4 c4 9. Ne2 Qa5 10. O-O Bxb5
11. axb5 Qxb5 12. Nc3 Qc6 13. Ndb1 b5 14. Qc2 b4 15. Na4 Nd7 16. Nc5 Nxc5 17. dxc5 Bxc5 18. Bxc5 b3 19. Qc3 Qxc5 20. Ra5 Qb6
21. Na3 Ne7 22. Rb1 O-O 23. g3 Nc6 24. Rb5 Nd4 25. Qb4 Nxb5 26. Nxb5 Rfb8 27. Qa4 Qxb5
0-1

[Event "15k move celebration tourney"]
[Site "SchemingMind.com"]
[Date "2009.06.26"]
[Round "-"]
[White "vinz"]
[Black "kungfuquest"]
[Result "1-0"]
[WhiteCountry "FRA"]
[BlackCountry "USA"]
[WhiteElo "1766"]
[WhiteRD "89"]
[BlackElo "1432"]
[BlackRD "102"]
[GameID "210160"]

1. Nf3 d5 2. d4 e6 3. c4 Bb4+ 4. Nc3 Nc6 5. e3 Nf6 6. Be2 Ne4 7. Qc2 O-O 8. O-O Bd6 9. cxd5 exd5 10. Nxd5 Bb4
11. Qxe4 Re8 12. Ne5 f6 13. Nxb4 Nxb4 14. Bc4+ Be6 15. d5 Bxd5 16. Bxd5+ Nxd5 17. Rd1 Rxe5 18. Qc4 h6 19. e4 c6 20. exd5 cxd5
21. Qb3 Qd6 22. Bf4
1-0

[Event "15k move celebration tourney"]
[Site "SchemingMind.com"]
[Date "2009.06.26"]
[Round "-"]
[White "kungfuquest"]
[Black "vinz"]
[Result "0-1"]
[WhiteCountry "USA"]
[BlackCountry "FRA"]
[WhiteElo "1432"]
[WhiteRD "102"]
[BlackElo "1766"]
[BlackRD "89"]
[GameID "210167"]

1. d4 Nf6 2. e3 c5 3. Nf3 e6 4. Bb5 a6 5. Ba4 b5 6. Bxb5 axb5 7. Nc3 Qb6 8. O-O Nc6 9. Ne5 cxd4 10. exd4 Nxd4
11. Be3 Bc5 12. Qd2 Nf5 13. Bxc5 Qxc5 14. Rae1 O-O 15. a3 Bb7 16. Nxd7 Nxd7 17. Qxd7 Bd5 18. Rd1 Ne7 19. Nxb5 Bc4 20. Rfe1 Bxb5
21. Qb7 Nd5 22. b4 Qc6 23. Qxc6 Bxc6
0-1

[Event "15k move celebration tourney"]
[Site "SchemingMind.com"]
[Date "2009.06.28"]
[Round "-"]
[White "Uzi Mike"]
[Black "raz9364"]
[Result "1/2-1/2"]
[WhiteCountry "USA"]
[BlackCountry "ENG"]
[WhiteElo "2050"]
[WhiteRD "102"]
[BlackElo "1935"]
[BlackRD "161"]
[GameID "210273"]

1. Nf3 d5 2. d4 Nf6 3. c4 c6 4. Nc3 dxc4 5. a4 Bf5 6. e3 e6 7. Bxc4 Nbd7 8. O-O Nb6 9. Bd3 Bxd3 10. Qxd3 Be7
11. e4 O-O 12. Bg5 a5 13. Rfd1 h6 14. Bh4 Nh5 15. Bxe7 Qxe7 16. Ne2 Rfd8 17. Qc2 Nf6 18. Ng3 Qb4 19. Rd3 Qe7 20. Rc1 Nbd7
21. Rb3 Nf8 22. Qc5 Qxc5 23. Rxc5 Ra7 24. Kf1 Ng6 25. h4 Nf4 26. Rc4 Ne8 27. Rc2 Nd6 28. Ne2 Nxe2 29. Rxe2 Ne8 30. g3 Kf8
31. Re1 Nf6 32. Kg2 Ke7 33. Kg1 Ng4 34. Re2 Rd7 35. Rd3 Ra8 36. Kg2 g6 37. Rb3 Ra7=
1/2-1/2

[Event "15k move celebration tourney"]
[Site "SchemingMind.com"]
[Date "2009.06.28"]
[Round "-"]
[White "raz9364"]
[Black "Uzi Mike"]
[Result "1-0"]
[WhiteCountry "ENG"]
[BlackCountry "USA"]
[WhiteElo "2048"]
[WhiteRD "131"]
[BlackElo "2128"]
[BlackRD "88"]
[GameID "210280"]

1. f4 d5 2. b3 Nf6 3. e3 e6 4. Nf3 Bd6 5. Bb2 O-O 6. Be2 c5 7. O-O b6 8. Ne5 Bb7 9. d3 Nc6 10. Nd2 Ne7
11. Qe1 Qc7 12. c4 Nf5 13. Bf3 a5 14. g4 Ne7 15. g5 Nd7 16. Ng4 a4 17. bxa4 Rxa4 18. Qf2 Rb8 19. Bd1 Raa8 20. cxd5 exd5
21. f5 Nc6 22. f6 g6 23. Qh4 Nd8 24. Rf3 h5 25. gxh6 Ne6 26. Rf2 c4 27. dxc4 dxc4 28. h7+ Kh8 29. Nh6 Ne5 30. Rc1 b5
31. Bxe5 Bxe5 32. a4 Bb2 33. Nxc4 Bxc1 34. Ne5 Rf8 35. Nhxf7+ Qxf7 36. Nxf7+ Rxf7 37. Qg3 bxa4 38. Qe5 Nf8 39. Rc2 Ba3 40. Rc7 Bb2
41. Qd6 Rxf6 42. Qe7 Rf5 43. Rxb7 a3 44. Ra7 Rxa7 45. Qxa7 Nxh7 46. Bc2 Rg5+ 47. Kf2 Nf6 48. h4 Rg4 49. Qf7 Rxh4 50. Bxg6 Ng8
51. Bf5 Rh6 52. Kg2 Nf6 53. Bb1 Be5 54. Ba2 Rh2+ 55. Kg1 Rxa2 56. Qxa2 Bb2 57. Qf7 Ng8 58. e4 Nh6 59. Qc7 Ng8 60. Kf1 Bg7
61. Qd6 Bb2 62. Ke1 Kg7= 63. e5 Nh6 64. e6 Nf5 65. Qc7+ Kf6 66. Qf7+ Ke5 67. e7 Nd6 68. e8=Q+ Nxe8 69. Qxe8+ Kd4 70. Ke2 Kd5
71. Kd3 Kd6 72. Ke4
1-0

[Event "15k move celebration tourney"]
[Site "SchemingMind.com"]
[Date "2009.07.02"]
[Round "-"]
[White "surfnsuds"]
[Black "jl1234"]
[Result "0-1"]
[WhiteCountry "USA"]
[BlackCountry "POL"]
[WhiteElo "1393"]
[WhiteRD "131"]
[BlackElo "1827"]
[BlackRD "75"]
[GameID "210494"]

1. d4 d5 2. c3 Bd7 3. Nf3 Nc6 4. e4 dxe4 5. Nfd2 Nf6 6. f3 exf3 7. Qxf3 Bg4 8. Qe3 Nd5 9. Qe4 f5 10. Qd3 e6
11. Qb5 Bd6 12. Qxb7 Qh4+
0-1

[Event "15k move celebration tourney"]
[Site "SchemingMind.com"]
[Date "2009.07.02"]
[Round "-"]
[White "GBEDARD"]
[Black "mmccaffe"]
[Result "1-0"]
[WhiteCountry "USA"]
[BlackCountry "USA"]
[WhiteElo "2157"]
[WhiteRD "87"]
[BlackElo "1570"]
[BlackRD "63"]
[GameID "210609"]

1. e4 e5 2. Nf3 Nc6 3. Bb5 a6 4. Ba4 Nf6 5. O-O Be7 6. Re1 b5 7. Bb3 d6 8. c3 O-O 9. h3 Bb7 10. d4 Re8
11. Nbd2 Na5 12. Bc2 Bf8 13. d5 c6 14. b4 Nc4 15. Nxc4 bxc4 16. dxc6 Bxc6 17. Qe2 Rc8 18. Bg5 d5 19. Rad1 d4 20. cxd4 exd4
21. Nxd4 Bxe4 22. Bxe4
1-0

[Event "15k move celebration tourney"]
[Site "SchemingMind.com"]
[Date "2009.06.30"]
[Round "-"]
[White "mmccaffe"]
[Black "GBEDARD"]
[Result "0-1"]
[WhiteCountry "USA"]
[BlackCountry "USA"]
[WhiteElo "1530"]
[WhiteRD "61"]
[BlackElo "2133"]
[BlackRD "84"]
[GameID "210616"]

1. e4 d6 2. d4 Nf6 3. Nc3 g6 4. f3 c6 5. Be3 b5 6. a3 Nbd7 7. Bd3 Bb7 8. Nge2 Qc7 9. Qd2 Bg7 10. g4 a6
11. h4 c5 12. h5 c4 13. e5 cxd3 14. exf6 Nxf6 15. Qxd3 Bxf3 16. hxg6 hxg6 17. Rxh8+ Bxh8 18. g5 Ng4 19. Nf4 Nxe3 20. Qxe3 Qb7
21. Qd3 Rc8 22. Kf2 Bg4 23. Re1 Rc4 24. Nxg6 Rxd4
0-1

[Event "15k move celebration tourney"]
[Site "SchemingMind.com"]
[Date "2009.07.01"]
[Round "-"]
[White "klagefall"]
[Black "MazetaFighter"]
[Result "1/2-1/2"]
[WhiteCountry "GER"]
[BlackCountry "GRE"]
[WhiteElo "2045"]
[WhiteRD "56"]
[BlackElo "2004"]
[BlackRD "61"]
[GameID "210816"]

1. e4 e5 2. Nf3 Nc6 3. Bc4 Bc5 4. c3 Nf6 5. d4 exd4 6. cxd4 Bb4+ 7. Nc3 Nxe4 8. O-O Bxc3 9. d5 Bf6 10. Re1 Ne7
11. Rxe4 d6 12. Bg5 Bxg5 13. Nxg5 h6 14. Qe2 hxg5 15. Re1 Be6 16. dxe6 f6 17. Re3 Kf8 18. Rh3 Rxh3= 19. gxh3 g6 20. Qf3 Kg7
21. Qxb7 Qc8 22. Qf3 Rb8 23. b3 Qb7 24. Qg4=
1/2-1/2

[Event "15k move celebration tourney"]
[Site "SchemingMind.com"]
[Date "2009.07.01"]
[Round "-"]
[White "MazetaFighter"]
[Black "klagefall"]
[Result "1/2-1/2"]
[WhiteCountry "GRE"]
[BlackCountry "GER"]
[WhiteElo "2004"]
[WhiteRD "61"]
[BlackElo "2045"]
[BlackRD "56"]
[GameID "210823"]

1. e4 e5 2. Nf3 Nc6 3. Bb5 a6 4. Ba4 Nf6 5. O-O Be7 6. Re1 b5 7. Bb3 d6 8. c3 O-O 9. h3 Na5 10. Bc2 c5
11. d4 Qc7 12. Nbd2 Nc6 13. d5 Nd8 14. a4 Rb8 15. axb5 axb5 16. b4 Bd7 17. bxc5 Qxc5 18. Re3 Qc7 19. Nb3 Nb7 20. Ba3 Nc5
21. Bb4 Nxb3 22. Bxb3 Ra8 23. Nd2 Rxa1 24. Qxa1 Qb7 25. Re1 Ra8 26. Qb2 Nh5=
1/2-1/2

[Event "15k move celebration tourney"]
[Site "SchemingMind.com"]
[Date "2009.07.03"]
[Round "-"]
[White "bmbeeman"]
[Black "bull mccabe"]
[Result "0-1"]
[WhiteCountry "USA"]
[BlackCountry "IRL"]
[WhiteElo "1264"]
[WhiteRD "127"]
[BlackElo "1711"]
[BlackRD "95"]
[GameID "211033"]

1. e4 c5 2. Nf3 Nc6 3. Bc4 e6 4. Nc3 a6 5. d4 b5 6. Be2 cxd4 7. Nxd4 Bb7 8. Bh5 Nf6 9. Bf3 Bb4 10. Qd2 O-O
11. O-O Nxd4 12. Re1 Nxf3+ 13. gxf3 d5 14. exd5 Bxc3 15. Qxc3 Bxd5 16. Bg5 h6 17. Bxf6 Qxf6 18. Qxf6 gxf6 19. Re3 Rfc8 20. c3 Rc7
21. b4 Rac8 22. a3 Rxc3 23. Rd1 Rxe3 24. Ra1 Rxf3 25. Re1 Rxa3 26. f4 Rc2 27. h4 Rh3
0-1

[Event "15k move celebration tourney"]
[Site "SchemingMind.com"]
[Date "2009.07.03"]
[Round "-"]
[White "Theodoric"]
[Black "lumamo66"]
[Result "1-0"]
[WhiteCountry "ENG"]
[BlackCountry "ESP"]
[WhiteElo "1915"]
[WhiteRD "76"]
[BlackElo "1498"]
[BlackRD "78"]
[GameID "211034"]

1. e4 e5 2. Nf3 Nc6 3. Bc4 h6 4. O-O Bc5 5. c3 a5 6. d4 exd4 7. cxd4 Bxd4 8. Nxd4 Qf6 9. Nb5 Kd8 10. N1c3 Ne5
11. Be2 Ne7 12. Be3 N7g6 13. Nd5 Qc6 14. Rc1 Qa6 15. Nbxc7 Qd6 16. Bc5 Qc6 17. Bb5
1-0

[Event "15k move celebration tourney"]
[Site "SchemingMind.com"]
[Date "2009.07.03"]
[Round "-"]
[White "goodknight"]
[Black "lemmie"]
[Result "1-0"]
[WhiteCountry "POL"]
[BlackCountry "NED"]
[WhiteElo "2245"]
[WhiteRD "84"]
[BlackElo "1577"]
[BlackRD "50"]
[GameID "211035"]

1. e4 e5 2. Nf3 Nc6 3. d4 exd4 4. Nxd4 Nxd4 5. Qxd4 d6 6. c4 Qf6 7. Be3 c5 8. Qd2 Be7 9. Nc3 Be6 10. Nb5 Bd8
11. Nxd6+ Ke7 12. Bxc5 Nh6 13. Nxb7+ Ke8 14. Nd6+ Kf8 15. Nf5+ Ke8 16. Bd4 Qg5 17. Nxg7+ Kf8 18. Nxe6+ fxe6 19. Qxg5
1-0

[Event "15k move celebration tourney"]
[Site "SchemingMind.com"]
[Date "2009.07.04"]
[Round "-"]
[White "bull mccabe"]
[Black "bmbeeman"]
[Result "1-0"]
[WhiteCountry "IRL"]
[BlackCountry "USA"]
[WhiteElo "1711"]
[WhiteRD "95"]
[BlackElo "1264"]
[BlackRD "127"]
[GameID "211041"]

1. e4 e5 2. Nf3 Nc6 3. Bb5 Nf6 4. O-O Nxe4 5. Re1 Ng5 6. Nxe5 Bc5 7. Nxc6+ Be7 8. Nxd8 Kxd8 9. d4 d5 10. Rxe7 Kxe7
11. Bxg5+ f6 12. Bf4 c6 13. Be2 Bf5 14. Nd2 Rad8 15. Nf3 g5 16. Nxg5 fxg5 17. Bxg5+ Ke8 18. Bh5+ Kd7 19. Bxd8 Rxd8 20. Bg4 Rf8
21. Bxf5+ Rxf5 22. Qg4 Ke6 23. Qxf5+ Kxf5 24. Re1 Kf6 25. Re3 b6 26. Kf1 c5 27. c3 cxd4 28. cxd4 a5 29. Ke2 b5 30. Re5 h6
31. Rxd5 b4 32. a3 bxa3 33. bxa3 a4 34. Re5
1-0

[Event "15k move celebration tourney"]
[Site "SchemingMind.com"]
[Date "2009.07.03"]
[Round "-"]
[White "lumamo66"]
[Black "Theodoric"]
[Result "0-1"]
[WhiteCountry "ESP"]
[BlackCountry "ENG"]
[WhiteElo "1504"]
[WhiteRD "81"]
[BlackElo "1967"]
[BlackRD "68"]
[GameID "211042"]

1. e4 e6 2. f4 c5 3. Nf3 a6 4. d4 d5 5. e5 Nc6 6. b3 Nh6 7. Bd3 Nxd4 8. Nxd4 cxd4 9. O-O Bc5 10. Nd2 Bb4
11. Nf3 Bc3 12. Rb1 Ng4 13. h3 Ne3 14. Bxe3 dxe3 15. Qe2 Qb6 16. Nh2 Bd7 17. a4 Bc6 18. Rf3 O-O-O 19. Kh1 d4 20. Rg3 g6
21. Qf1 Bd5 22. Be2 f5 23. Bf3 Qc6 24. Bxd5 Rxd5 25. Nf3 Rd7 26. Rd1 Qe4 27. Qc4+ Kb8 28. Rc1 e2 29. Ne1 Qxf4 30. Nd3 Qxc1+
31. Nxc1 e1=Q+ 32. Kh2 Qxc1
0-1

[Event "15k move celebration tourney"]
[Site "SchemingMind.com"]
[Date "2009.07.03"]
[Round "-"]
[White "lemmie"]
[Black "goodknight"]
[Result "0-1"]
[WhiteCountry "NED"]
[BlackCountry "POL"]
[WhiteElo "1577"]
[WhiteRD "50"]
[BlackElo "2245"]
[BlackRD "84"]
[GameID "211043"]

1. e4 c5 2. Nf3 d6 3. Nc3 Nf6 4. d4 cxd4 5. Nxd4 a6 6. Be3 e5 7. Nf3 Be7 8. Bc4 O-O 9. O-O Be6 10. Bxe6 fxe6
11. h3 b5 12. a3 Nc6 13. Ne2 Nxe4 14. Qd3 d5 15. b4 Nd6 16. Ng3 e4 17. Qe2 exf3 18. gxf3 Qd7 19. Kh2 e5 20. Bc5 Rf4
21. Rh1 Raf8 22. Raf1 Rxf3 23. Kg2 Nc4 24. Bxe7 Qxe7 25. h4 Nd4 26. Qd1 Qe6 27. h5 Rxg3+ 28. Kxg3 Rf3+ 29. Kg2 Qg4+ 30. Kh2 Qh3+
31. Kg1 Rg3+ 32. fxg3 Qxg3#
0-1

[Event "15k move celebration tourney"]
[Site "SchemingMind.com"]
[Date "2009.07.23"]
[Round "-"]
[White "Midlander"]
[Black "andu"]
[Result "0-1"]
[WhiteCountry "ENG"]
[BlackCountry "AUT"]
[WhiteElo "2052"]
[WhiteRD "96"]
[BlackElo "1892"]
[BlackRD "50"]
[GameID "213580"]

1. c4 g6 2. Nc3 Bg7 3. g3 e5 4. Bg2 Nc6 5. e4 d6 6. Nge2 Nf6 7. O-O O-O 8. f4 exf4 9. gxf4 Re8 10. d4 Bg4
11. Be3 Nxe4 12. Bxe4 Rxe4 13. Nxe4 Qe7 14. Qd3 Nb4 15. Qd2 Qxe4 16. Ng3 Qd3 17. Qxb4 Qxe3+ 18. Kg2 Qxd4 19. Qxb7 Re8 20. Qb4 Bd7
21. Rad1 Bc6+ 22. Kh3 Qxb2 23. Qxb2 Bxb2 24. Rfe1 Rd8 25. Rb1 Bc3 26. Re7 Bd7+ 27. Kg2 Kf8 28. Re2 Bd4 29. Rd1 c5 30. Rde1 Be6
31. Rc2 d5 32. cxd5 Bxd5+ 33. Kf1 Bc6 34. Ne2 Bb5 35. Kg2 Bd3 36. Rd2 Be3 37. Rdd1 Be4+ 38. Kf1 Bd2 39. Nc1 Bc2 40. Nb3 Bd3+
41. Kg1 Bxe1 42. Nxc5 Ba5 43. Nxd3 Rd4 44. Kf2 Ra4 45. Ra1 Bc3 46. Rc1 Bd4+ 47. Kf3 Rxa2 48. Rc4 Bb6 49. h4 Rh2
0-1

[Event "15k move celebration tourney"]
[Site "SchemingMind.com"]
[Date "2009.07.23"]
[Round "-"]
[White "andu"]
[Black "Midlander"]
[Result "1/2-1/2"]
[WhiteCountry "AUT"]
[BlackCountry "ENG"]
[WhiteElo "1892"]
[WhiteRD "50"]
[BlackElo "2052"]
[BlackRD "96"]
[GameID "213584"]

1. e4 e6 2. d4 d5 3. Nc3 Bb4 4. exd5 exd5 5. Bd3 Nc6 6. Nf3 Bg4 7. O-O Nge7 8. h3 Bh5 9. Re1 Qd7 10. a3 Bxc3
11. bxc3 Bg6 12. Rb1 O-O-O 13. Bb5 Qd6 14. a4 a6 15. Be2 Rde8 16. Qd2 Na5 17. Ne5 Nec6 18. Nxg6 hxg6 19. Qg5 Nd8 20. Qf4 Qc6
21. Qf3 Nc4 22. Bg5 f6 23. Qg4+ Kb8 24. Bxc4 Qxc4 25. Bd2 Qxa4 26. Qxg6 Qd7 27. Qd3 Rxe1+ 28. Rxe1 Re8 29. Rxe8 Qxe8 30. Qh7 Qd7
31. h4 a5 32. h5 Kc8 33. Bc1 b5 34. Ba3 Qg4 35. f3 Qg5 36. Bf8 a4 37. Bc5 Kb7 38. Qd3 Kc6 39. c4 dxc4 40. Qe4+ Kd7
41. h6 gxh6 42. Bb4 Nc6 43. Bc5 c3 44. f4 Qh5 45. Kf2 Qe8 46. Qd3 Kc8 47. Qxb5 Qe4 48. Qxa4 Qxf4+ 49. Kg1 Qe4 50. Qa6+=
1/2-1/2

[Event "15k move celebration tourney"]
[Site "SchemingMind.com"]
[Date "2009.08.07"]
[Round "-"]
[White "klagefall"]
[Black "goodknight"]
[Result "1/2-1/2"]
[WhiteCountry "GER"]
[BlackCountry "POL"]
[WhiteElo "2045"]
[WhiteRD "56"]
[BlackElo "2236"]
[BlackRD "70"]
[GameID "215034"]

1. d4 f5 2. Nc3 Nf6 3. Bg5 d5 4. Bxf6 exf6 5. e3 Be6 6. Qf3 Nc6 7. Bb5 Qd6 8. Nge2 g5 9. Qh5+ Bf7 10. Qf3 Be6
11. Qh5+ Bf7 12. Qf3 Qd7 13. Ng3 O-O-O 14. Qxf5 Qxf5 15. Nxf5 Bg6 16. Ng3 Nb4 17. Rc1 Nxc2+ 18. Kd2 Nb4 19. h4 h5 20. Be2 g4
21. a3 Nc6 22. Bd3 Bf7 23. b4 Ne7 24. Nce2 Kb8 25. Nf4 a6 26. Rc2=
1/2-1/2